Viage de España (Record no. 162432)
[ view plain ]
| 000 -LEADER | |
|---|---|
| campo de control de longitud fija | 00820nam a2200205 i 4500 |
| 001 - NÚMERO DE CONTROL | |
| campo de control | 162432 |
| 003 - IDENTIFICADOR DE NÚMERO DE CONTROL | |
| campo de control | ES-MaACL |
| 005 - FECHA Y HORA DE LA ÚLTIMA TRANSACCIÓN | |
| campo de control | 20250811063158.0 |
| 008 - DATOS DE LONGITUD FIJA--INFORMACIÓN GENERAL | |
| campo de control de longitud fija | 931025s1778 sp a |||| | spa d |
| 100 1# - ENTRADA PRINCIPAL--NOMBRE DE PERSONA | |
| Nombre de persona | Ponz, Antonio, |
| Fechas asociadas al nombre | 1725-1792 |
| 9 (RLIN) | 93069 |
| 245 10 - MENCIÓN DEL TÍTULO | |
| Título | Viage de España |
| Resto del título | : en que se da noticia de las cosas mas apreciables y dignas de saberse ... / |
| Mención de responsabilidad, etc. | su autor D. Antonio Ponz ... ; tomo septimo. |
| 260 ## - PUBLICACIÓN, DISTRIBUCIÓN, ETC. | |
| Lugar de publicación, distribución, etc. | Madrid : |
| Nombre del editor, distribuidor, etc. | por D. Joachin Ibarra..., |
| Fecha de publicación, distribución, etc. | 1778. |
| 300 ## - DESCRIPCIÓN FÍSICA | |
| Extensión | [2], XXVI, 240 p., [3] h. de grab. ; |
| Dimensiones | 8º (16 cm) |
| 596 ## - NOTA AL PIE DE IMPRENTA | |
| NOTA AL PIE DE IMPRENTA | Marca de imp. en port. |
| 597 ## - NOTA DE DESCRIPCIÓN FÍSICA | |
| NOTA DE DESCRIPCIÓN FÍSICA | Sign.: a6, b8, A-P8. |
| 599 ## - NOTA A LAS ILUSTRACIONES | |
| NOTA A LAS ILUSTRACIONES | Las [3] h. de grab. son calc. entre p. XXVI y 1, 82 y 83, 86 y 87. |
| 650 ## - PUNTO DE ACCESO ADICIONAL DE MATERIA--TÉRMINO DE MATERIA | |
| Término de materia o nombre geográfico como elemento de entrada | Extremadura- |
| Subdivisión general | Descripción. |
| 9 (RLIN) | 223665 |
| 852 ## - LOCALIZACIÓN | |
| Ubicación | ES-MaACL |
| Número de control de estantería | R-468-85 |
| Nota libre | -- Enc. piel |
| Estatus retirado | Estado de pérdida | Estado de daño | No para préstamo | Colección | Biblioteca de origen | Biblioteca actual | Ubicación en estantería | Fecha de adquisición | Total de préstamos | Signatura topográfica completa | Código de barras | Visto por última vez | Precio de reemplazo | Tipo de ítem Koha |
|---|---|---|---|---|---|---|---|---|---|---|---|---|---|---|
| Libros del s. XVIII | Biblioteca del Ateneo de Madrid | Biblioteca del Ateneo de Madrid | Depósito | 17/01/2008 | R-468-85 | 1170169 | 23/02/2023 | 23/02/2023 | Libro impreso antiguo |
